[Event "Roncana op-A 7th"]
[Site "Santa Eulalia de Roncana"]
[Date "2013.11.23"]
[Round "7"]
[White "Martin Perez, Laura"]
[Black "Camus, Adrian Hugo"]
[Result "1-0"]
[WhiteElo "2013"]
[BlackElo "1952"]
[PlyCount "85"]
[EventDate "2013.10.05"]
[EventType "swiss"]
[EventRounds "8"]
[EventCountry "ESP"]
[SourceTitle "CBM 157 Extra"]
[Source "ChessBase"]
[SourceDate "2013.12.19"]
[SourceVersion "1"]
[SourceVersionDate "2013.12.19"]
[SourceQuality "1"]

1. e4 b6 2. d4 Bb7 3. Bd3 e6 4. Nf3 Nf6 5. Nbd2 c5 6. c3 Nc6 7. 0-0 cxd4 8. Nxd4 Ne5 9. Bc2 Ba6 10. Re1 Nd3 11. Re3 Nxc1 12. Rxc1 Be7 13. Rg3 g6 14. f4 Nh5 15. Rf3 Qc7 16. e5 Bb7 17. Be4 Bxe4 18. Nxe4 a6 19. Qe2 Ng7 20. Rd1 b5 21. Nb3 Rd8 22. Rfd3 Nf5 23. g4 d5 24. gxf5 dxe4 25. Rxd8+ Bxd8 26. fxe6 fxe6 27. Qxe4 0-0 28. Nd4 Qc4 29. b3 Qxc3 30. Nxe6 Bb6+ 31. Kh1 Re8 32. Qd5 Kh8 33. Ng5 Qc7 34. Nf7+ Kg7 35. Nd6 Rf8 36. e6 Qe7 37. Qe5+ Kg8 38. Nf7 Qb7+ 39. Rd5 Rxf7 40. exf7+ Kxf7 41. f5 gxf5 42. Qxf5+ Ke8 43. Qe4+ 1-0

[Event "Roncana op-A 7th"]
[Site "Santa Eulalia de Roncana"]
[Date "2013.10.26"]
[Round "4"]
[White "Camus, Adrian Hugo"]
[Black "Garcia Cano, Antonio"]
[Result "0-1"]
[WhiteElo "1952"]
[BlackElo "2239"]
[PlyCount "40"]
[EventDate "2013.10.05"]
[EventType "swiss"]
[EventRounds "8"]
[EventCountry "ESP"]
[SourceTitle "CBM 157 Extra"]
[Source "ChessBase"]
[SourceDate "2013.12.19"]
[SourceVersion "1"]
[SourceVersionDate "2013.12.19"]
[SourceQuality "1"]

1. d4 Nf6 2. Nf3 g6 3. e3 Bg7 4. b3 0-0 5. Bb2 d6 6. Nbd2 Nbd7 7. Be2 a5 8. a4 e5 9. dxe5 Ng4 10. Nc4 Ndxe5 11. Ncxe5 Nxe5 12. Nxe5 Bxe5 13. Bxe5 dxe5 14. h4 Qe7 15. Qd2 Bf5 16. Bf3 Qc5 17. Rc1 Rad8 18. Qe2 e4 19. Bg4 Qc3+ 20. Kf1 Rd2 0-1

[Event "Vall del Tenes op 2nd"]
[Site "Vall del Tenes"]
[Date "2013.05.24"]
[Round "7"]
[White "Sola Lluch, Miguel Angel"]
[Black "Camus, Adrian Hugo"]
[Result "0-1"]
[WhiteElo "1952"]
[BlackElo "1920"]
[PlyCount "122"]
[EventDate "2013.04.05"]
[EventType "swiss"]
[EventRounds "8"]
[EventCountry "ESP"]
[SourceTitle "EXT 2014"]
[Source "ChessBase"]
[SourceDate "2013.11.20"]
[SourceVersion "1"]
[SourceVersionDate "2013.11.20"]
[SourceQuality "1"]

1. d4 d5 2. c4 e6 3. Nf3 c6 4. Nc3 Nf6 5. e3 Bd6 6. Bd3 0-0 7. 0-0 Qe7 8. e4 dxe4 9. Nxe4 Nxe4 10. Bxe4 h6 11. h4 Nd7 12. Re1 Nf6 13. Bc2 Nd7 14. b3 Rd8 15. Qe2 Nf8 16. a3 Qc7 17. Bb2 Be7 18. Ne5 Bxh4 19. g3 Bf6 20. Nf3 b6 21. Rad1 Bb7 22. Be4 c5 23. d5 Bxb2 24. Qxb2 exd5 25. cxd5 Rd6 26. Rd2 Rad8 27. Red1 f6 28. Qc2 Qf7 29. b4 cxb4 30. axb4 Bxd5 31. Bxd5 Rxd5 32. Rxd5 Rxd5 33. Re1 a5 34. bxa5 bxa5 35. Qa4 Qd7 36. Qc4 Kh8 37. Re4 Ne6 38. Qe2 Ng5 39. Re8+ Kh7 40. Nxg5+ Rxg5 41. Qe4+ Qf5 42. Qa8 Kg6 43. Re4 Qd5 44. Qe8+ Kh7 45. Qa4 Re5 46. Rxe5 fxe5 47. Qc2+ e4 48. Kh2 Qd4 49. g4 a4 50. Kg2 a3 51. g5 Qd3 52. Qa2 Qf3+ 53. Kh2 Qf4+ 54. Kh1 Qh4+ 55. Kg1 Qxg5+ 56. Kh1 Qh4+ 57. Kg1 Qg4+ 58. Kh1 Qf3+ 59. Kg1 h5 60. Kh2 h4 61. Qe6 h3 0-1

[Event "Vall del Tenes op 2nd"]
[Site "Vall del Tenes"]
[Date "2013.05.10"]
[Round "5"]
[White "Molano Lafuente, Ismael"]
[Black "Camus, Adrian Hugo"]
[Result "1-0"]
[WhiteElo "1994"]
[BlackElo "1920"]
[PlyCount "145"]
[EventDate "2013.04.05"]
[EventType "swiss"]
[EventRounds "8"]
[EventCountry "ESP"]
[SourceTitle "EXT 2014"]
[Source "ChessBase"]
[SourceDate "2013.11.20"]
[SourceVersion "1"]
[SourceVersionDate "2013.11.20"]
[SourceQuality "1"]

1. f4 d5 2. Nf3 g6 3. c3 Bg7 4. d3 Nf6 5. Qc2 0-0 6. e4 c5 7. e5 Ne8 8. Be2 Nc6 9. 0-0 b6 10. Be3 Bb7 11. d4 c4 12. Qd2 Bc8 13. Na3 a6 14. Nc2 b5 15. h3 Bf5 16. g4 Be4 17. Ng5 Bxc2 18. Qxc2 e6 19. f5 Bh6 20. f6 Qb6 21. Qc1 Bxg5 22. Bxg5 Nxe5 23. Qe1 Nd6 24. Qg3 Nd7 25. Bf3 Rfc8 26. Rae1 Ne8 27. Qh4 Qd6 28. Bg2 a5 29. Rf2 b4 30. Rfe2 Nf8 31. Bd2 bxc3 32. Bxc3 Ra6 33. Rf2 Qd8 34. g5 Ra7 35. Qh6 Qd6 36. Bf3 Rca8 37. a3 Rb7 38. Bd1 a4 39. Re3 Ra6 40. Kg2 Nd7 41. Rxe6 Qxe6 42. Re2 Nf8 43. Rxe6 Nxe6 44. Bg4 Rab6 45. Kf3 Nd8 46. Kf4 Rd6 47. h4 Nc6 48. h5 Rd8 49. hxg6 hxg6 50. Qh3 Nd6 51. Qh6 Ne8 52. Bd1 Ra7 53. Bc2 Rd6 54. Bb1 Nxf6 55. gxf6 Rxf6+ 56. Kg3 Rf1 57. Bc2 Re7 58. Kg2 Rf6 59. Bxa4 Re2+ 60. Kg1 Nd8 61. Qg5 Ref2 62. Qxd5 Ne6 63. Qa8+ Kh7 64. Bc6 Ng5 65. Bg2 R6f5 66. d5 f6 67. Qa7+ Kh6 68. Qxf2 Rxf2 69. Kxf2 Kg7 70. Ke3 Kf7 71. Kd4 f5 72. Bd2 c3 73. bxc3 1-0

[Event "Vall del Tenes op 2nd"]
[Site "Vall del Tenes"]
[Date "2013.05.03"]
[Round "4"]
[White "Romero Perera, Eugeni"]
[Black "Camus, Adrian Hugo"]
[Result "1/2-1/2"]
[WhiteElo "2089"]
[BlackElo "1920"]
[PlyCount "90"]
[EventDate "2013.04.05"]
[EventType "swiss"]
[EventRounds "8"]
[EventCountry "ESP"]
[SourceTitle "EXT 2014"]
[Source "ChessBase"]
[SourceDate "2013.11.20"]
[SourceVersion "1"]
[SourceVersionDate "2013.11.20"]
[SourceQuality "1"]

1. d4 d5 2. Nf3 Nf6 3. g3 e6 4. Bg2 Be7 5. 0-0 0-0 6. c4 c6 7. Nc3 Nbd7 8. b3 a6 9. Bb2 b5 10. Qd3 b4 11. Na4 Ne4 12. Nd2 Nxd2 13. Qxd2 a5 14. e4 Bb7 15. Rac1 Bg5 16. f4 Be7 17. e5 Nb6 18. Nc5 Bc8 19. Rc2 dxc4 20. bxc4 Bxc5 21. dxc5 Qxd2 22. Rxd2 Nxc4 23. Re2 Ba6 24. Rc1 Bb5 25. Bd4 Rfd8 26. Bf2 Ra7 27. Ree1 Nd2 28. Be3 Rad7 29. Rc2 Nc4 30. Bc1 a4 31. Bxc6 Bxc6 32. Rxc4 Rd4 33. Rxd4 Rxd4 34. Be3 Rd3 35. Re2 Kf8 36. Kf2 Ke8 37. Rb2 b3 38. axb3 Rxb3 39. Bd4 Kd7 40. Rxb3 axb3 41. Ke2 Ba4 42. Kd3 Bc6 43. Kc4 Bd5+ 44. Kb4 Kc7 45. Kb5 Bc6+ 1/2-1/2

[Event "Mollet CM"]
[Site "Mollet del Valles"]
[Date "2011.12.11"]
[Round "9"]
[White "Camus, Adrian Hugo"]
[Black "Fernandez Diaz, Cristian"]
[Result "0-1"]
[WhiteElo "1955"]
[BlackElo "2114"]
[PlyCount "100"]
[EventDate "2011.12.03"]
[EventType "tourn"]
[EventRounds "9"]
[EventCountry "ESP"]
[SourceTitle "CBM 145 Extra"]
[Source "ChessBase"]
[SourceDate "2012.01.03"]
[SourceVersion "1"]
[SourceVersionDate "2012.01.03"]
[SourceQuality "1"]

1. d4 Nf6 2. Nf3 g6 3. g3 Bg7 4. Bg2 0-0 5. 0-0 d6 6. Re1 Nbd7 7. Nbd2 e5 8. dxe5 dxe5 9. e4 Qe7 10. Qe2 c6 11. c3 Re8 12. Nb3 a5 13. Qc2 a4 14. Nbd2 Nc5 15. Bf1 b5 16. b4 axb3 17. Nxb3 Nxb3 18. Qxb3 Be6 19. Qc2 Qc7 20. c4 b4 21. Bb2 Nd7 22. Ng5 Nc5 23. Nxe6 Nxe6 24. a3 bxa3 25. Rxa3 Nd4 26. Qd3 Rxa3 27. Bxa3 Bf8 28. Bc1 Rb8 29. Kg2 Rb3 30. Qd1 Bb4 31. Re3 Rb1 32. Qa4 Rxc1 33. Qxb4 Nc2 34. Qd2 Nxe3+ 35. Qxe3 Ra1 36. h4 h5 37. Qd3 Qb6 38. Qd7 Qd4 39. Qxc6 Ra2 40. Qf6 Qxe4+ 41. Qf3 Qxf3+ 42. Kxf3 Kf8 43. Ke3 Ke7 44. Bg2 Rc2 45. Bd5 f5 46. f4 Rc3+ 47. Kf2 exf4 48. gxf4 Rh3 49. Kg2 Rxh4 50. Kg3 Rg4+ 0-1

[Event "Mollet CM"]
[Site "Mollet del Valles"]
[Date "2011.12.05"]
[Round "3"]
[White "Delisau Gil, Oriol"]
[Black "Camus, Adrian Hugo"]
[Result "1-0"]
[WhiteElo "1945"]
[BlackElo "1955"]
[PlyCount "153"]
[EventDate "2011.12.03"]
[EventType "tourn"]
[EventRounds "9"]
[EventCountry "ESP"]
[SourceTitle "CBM 145 Extra"]
[Source "ChessBase"]
[SourceDate "2012.01.03"]
[SourceVersion "1"]
[SourceVersionDate "2012.01.03"]
[SourceQuality "1"]

1. e4 c6 2. Nc3 d5 3. Nf3 e6 4. d4 Bb4 5. e5 b6 6. a3 Be7 7. Be2 Bb7 8. Be3 Nd7 9. Qd2 Qc7 10. Bf4 Qb8 11. Nd1 Bd8 12. h4 Ne7 13. h5 Bc7 14. h6 g6 15. Bg5 Bd8 16. Qf4 Ng8 17. Bxd8 Qxd8 18. Ng5 Qe7 19. Ne3 f5 20. g4 0-0-0 21. gxf5 gxf5 22. 0-0-0 Nf8 23. Rdg1 Ng6 24. Qh2 Kb8 25. Bd3 Bc8 26. f4 Qe8 27. Qg3 N8e7 28. Be2 Qg8 29. Bh5 Qf8 30. Nxh7 Rxh7 31. Bxg6 Rxh6 32. Rxh6 Qxh6 33. Bf7 Rf8 34. Qg7 Rh8 35. Qxh6 Rxh6 36. Rg7 Kc7 37. Bh5 Rxh5 38. Rxe7+ Bd7 39. Rg7 Rh4 40. Ng2 Rg4 41. Rxg4 fxg4 42. Kd2 c5 43. c3 cxd4 44. cxd4 Kc6 45. Ne3 g3 46. Ke2 Kb5 47. b3 Be8 48. Kf3 g2 49. Kxg2 Kc6 50. Kg3 Kd7 51. Kg4 Ke7 52. Kg5 Bb5 53. f5 Bd3 54. f6+ Kf7 55. Kh6 a5 56. b4 axb4 57. axb4 Be2 58. Ng2 Bd1 59. Nf4 Bc2 60. Nh3 Bf5 61. Ng5+ Kf8 62. Kh5 Kg8 63. Kh4 Kf8 64. Kg3 Ke8 65. Kf2 Kf8 66. Ke3 Ke8 67. Kd2 Kd8 68. Kc3 b5 69. Kd2 Ke8 70. Ke3 Kf8 71. Kf3 Ke8 72. Kg3 Kd7 73. Nf7 Bd3 74. Nd6 Bg6 75. Kf4 Bd3 76. Kg5 Be2 77. Kh6 1-0